000
00312nam a22001457a 4500
999
_c
54904
_d
54904
008
190925b ||||| |||| 00| 0 eng d
020
_a
9780071748018
041
_a
eng
080
_a
004
082
_a
004
100
_a
28
101
_a
SHKI
245
_a
Web Design DeMYSTiFieD
_c
Willard,W
942
_2
udc
_c
BK